Statystyki dla Miasta w Polsce z tramwajami

Kliknij tutaj aby rozwiązać quiz!

Ogólne statystyki

  • Ten quiz został rozwiązany 485 razy
  • Średni wynik to 12 z 15

Statystyki odpowiedzi

LudnośćMiasto% Poprawnych
1,7 mlnWarszawa
99%
470 tysGdańsk
97%
779 tysKraków
96%
643 tysWrocław
96%
679 tysŁódź
93%
534 tysPoznań
93%
292 tysKatowice
91%
401 tysSzczecin
90%
340 tysBydgoszcz
89%
201 tysToruń
86%
172 tysOlsztyn
74%
220 tysCzęstochowa
68%
115 tysGorzów
64%
119 tysElbląg
45%
95 tysGrudziąz
6%

Rozkład punktacji

Percentyl według liczby udzielonych odpowiedzi

Procent ludzi z każdym wynikiem

Twoja historia wyników

Nie rozwiązałeś tego quizu